00444 2200181 4500001002100000005001500021008004100036020002200077035001900099041000700118082001100125090001700136100001900153245002800172260003300200300001900233650001000252INLIS00000000000643220241224113305241224||||||||| | ||| |||| || |  a978-979-1474-60-3 0010-1224006432 aid0 a001.03 a001.03 OSD p0 aOsdirwan Osman00aPanduan Lengkap Sains 1 aJakartabMedia Pusindoc2008 aiv + 28; 21 cm 0aSains